000 00627nam a2200253Ia 4500
003 OSt
005 20221007104230.0
006 a|||||r|||| 00| 0
007 ta
008 221006b |||||||| |||| 00| 0 eng d
020 _a8175341637
024 _a15,258
037 _cTextual
040 _aLCO
_cLCO
_beng
041 _2eng
_aeng
082 _aZ0aR4, K4
100 _aFuller L.L.
245 0 _aMorality of Law
260 _aLondon
_bYale University Press UK
_c1964
300 _a262
650 _aMORALITY LAW
_9686808
942 _hZ0aR4, K4
_cTEXL
999 _c1184821
_d1184821